Creación y anarquía: la obra en la época de la religión capitalista

Saved in:
書目詳細資料
主要作者: Agamben, Giorgio (Author)
格式: 圖書
語言:西班牙语
出版: Buenos Aires, Argentina. Adriana Hidalgo Editora, 2019
叢編:Filosofía e Historia
主題:
標簽: 添加標簽
沒有標簽, 成為第一個標記此記錄!

MARC

LEADER 00000cam a2200000 a 4500
001 UCB0128
003 CL-VaPUC
005 20240105095258.0
008 191213e20190000ag spa d
999 |c 376338  |d 376336 
020 |a 9789874159649 
040 |c Pontificia Universidad Católica de Valparaíso 
082 0 4 |a 190 AGA 2019  |2 21 
100 1 |a Agamben, Giorgio  |e author  |9 604794 
245 1 0 |a Creación y anarquía: la obra en la época de la religión capitalista 
260 |a Buenos Aires, Argentina.  |b Adriana Hidalgo Editora,  |c 2019 
300 |a 127 páginas 
490 0 |a Filosofía e Historia 
583 |a last modification  |c 20191213 11:48:00  |k Rodrigo Vera 
650 0 0 |a Filosofía contemporánea  |9 265372 
650 0 0 |a Anarquismo  |9 269177 
852 |a BIBCUR 
942 |c BK  |2 ddc 
945 |a dcastane  |d 20191213 11:48:00 
952 |0 0  |1 0  |2 ddc  |4 0  |6 190_000000000000000_AGA_2019  |7 0  |9 494888  |a BIBARQ  |b BIBARQ  |d 2019-12-05  |e 3  |g 9733.00  |i 5566908  |o 190 AGA 2019  |p 5566908  |r 2025-01-20  |t 1  |v 9733.00  |w 2019-12-05  |y BK